| 000 | 00743nam a2200265Ia 4500 | ||
|---|---|---|---|
| 003 | OSt | ||
| 005 | 20220926034836.0 | ||
| 006 | a|||||r|||| 00| 0 | ||
| 007 | ta | ||
| 008 | 220923b |||||||| |||| 00| 0 eng d | ||
| 020 | _a1567203795 | ||
| 037 | _cGeneral Book | ||
| 040 |
_aRTL _cRTL _beng |
||
| 041 |
_2eng _aeng |
||
| 082 | _aX62, P1 | ||
| 100 |
_aShull Bernard _9341277 |
||
| 245 | 0 |
_aBank mergers in a deregulated environment _b Promise |
|
| 260 |
_aWestport _bQuorum Books _c2001 |
||
| 300 |
_axv,217p _ccm. |
||
| 500 | _aBibliography: P 209-10 | ||
| 650 | _aBank | ||
| 700 |
_a Hanweck Gerald A _9341278 |
||
| 942 |
_hX62, P1 _cGB _2CC |
||
| 999 |
_c660523 _d660523 |
||